00541 2200193 4500001002100000005001500021008004100036020002200077035001900099041000700118082001300125090001900138100001900157245007300176260002700249300003000276650002200306990001900328INLIS00000000001923720241224115647241224||||||||| | ||| |||| || |  a978-979-911-363-4 0010-1224019237 aid0 a568.8342 a568.8342 DAN p0 aDanang Sunyoto00aPerilaku Konsumen (Panduan Riset Sederhana untuk Mengenali Konsumen) aYogyakartabCAPSc2013 a23x15 cm, viii, 236 hlm.; 0aPerilaku Konsumen a05.17.01 001